Utenzi wa hamziyyah / (Record no. 13731)

MARC details
000 -LEADER
fixed length control field 00652nam a22002172 4500
001 - CONTROL NUMBER
control field 0000019785
005 - DATE AND TIME OF LATEST TRANSACTION
control field 20151217155903.0
008 - FIXED-LENGTH DATA ELEMENTS--GENERAL INFORMATION
fixed length control field 110209s xx 000 0 eng d
020 ## - INTERNATIONAL STANDARD BOOK NUMBER
International Standard Book Number 9976911742 :
040 ## - CATALOGING SOURCE
Original cataloging agency KABU
Transcribing agency KABU
100 1# - MAIN ENTRY--PERSONAL NAME
Personal name Kineene wa Mutiso.
-- 0000179748
245 10 - TITLE STATEMENT
Title Utenzi wa hamziyyah /
Statement of responsibility, etc. Kineene wa Mutiso.
250 ## - EDITION STATEMENT
Edition statement 1st ed.
260 ## - PUBLICATION, DISTRIBUTION, ETC. (IMPRINT)
Place of publication, distribution, etc. Dar es Salaam :
Name of publisher, distributor, etc. Chuo kikuu cha Dar es Salaam,
Date of publication, distribution, etc. 2005.
300 ## - PHYSICAL DESCRIPTION
Extent [14], 360 p.
650 #0 - SUBJECT ADDED ENTRY--TOPICAL TERM
Topical term or geographic name as entry element Islamic poetry, swahili.
-- 0000179749
700 1# - ADDED ENTRY--PERSONAL NAME
Personal name Kineene wa Mutiso.
-- 0000179748
908 ## - PUT COMMAND PARAMETER (RLIN)
Put command parameter 110209
950 ## - LOCAL HOLDINGS (RLIN)
-- 1
Holdings
Withdrawn status Lost status Source of classification or shelving scheme Not for loan Home library Current library Date acquired Total Checkouts Full call number Barcode Date last seen Price effective from Koha item type
    Library of Congress Classification   Kabarak, Main Campus Kabarak, Main Campus 17/12/2015   PL8703.5 .K56 2005 c.1 22655 17/12/2015 17/12/2015 Africana Collection
Designed with assistance from East African Informatics Ltd